NB population mi² - Statistics

General Stats
  • This quiz has been taken 2 times
  • The average score is 5 of 10
Answer Stats
Hint Answer % Correct
3.4k Bangladesh
100%
18k Hong Kong
100%
57k Macau
100%
49k Monaco
100%
21k Singapore
50%
4.7k Vatican
50%
5k Bahrain
0%
15k Gibraltar
0%
4.5k Maldives
0%
4.3k Malta
0%
No matching quizzes found
Score Distribution
Percent of People with Each Score
Percentile by Number Answered
Your Score History
You have not taken this quiz